Frontières du Mali. - Statistiques

Statistiques générales
  • Ce quiz a été pris 474 fois
  • Le résultat moyen est 7 sur 7
Statistiques - réponses
Longueur Pays frontalier % Correct
2237 km Mauritanie
99%
1329 km Algérie
97%
821 km Niger
96%
419 km Sénégal
94%
1000 km Burkina Faso
93%
532 km Côte d'Ivoire
90%
858 km Guinée
89%
Aucun quiz correspondant
Distribution des résultats
% des personnes avec chaque résultat
Percentile par nombre de réponses
Votre historique - résultats
Vous n’avez pas pris ce quiz